| 000 | 00354nam a2200133Ia 4500 | ||
|---|---|---|---|
| 008 | 240624s9999 xx 000 0 und d | ||
| 041 | _aeng | ||
| 082 | _a158 QUB | ||
| 100 | _aQUBEIN NIDO R | ||
| 245 | _aSTAIRWAY TO SUCCESS HOW TO ACHIEVE AND E | ||
| 260 |
_c2010 _aMumbai _bEmbassy Book Distributors |
||
| 300 | _a351 : p. : cm. ; 22 | ||
| 365 |
_cRS _b25 |
||
| 999 |
_c19115 _d19115 |
||